<?xml version="1.0" encoding="UTF-8"?>
<record
    xmlns:xsi="http://www.w3.org/2001/XMLSchema-instance"
    xsi:schemaLocation="http://www.loc.gov/MARC21/slim http://www.loc.gov/standards/marcxml/schema/MARC21slim.xsd"
    xmlns="http://www.loc.gov/MARC21/slim">

  <leader>00744cam a22002171  4500</leader>
  <datafield tag="999" ind1=" " ind2=" ">
    <subfield code="c">331663</subfield>
    <subfield code="d">331663</subfield>
  </datafield>
  <controlfield tag="001">1719348</controlfield>
  <controlfield tag="003">NUST</controlfield>
  <controlfield tag="005">20171012150344.0</controlfield>
  <controlfield tag="008">720824s1930    pk a          000 0 eng  </controlfield>
  <datafield tag="010" ind1=" " ind2=" ">
    <subfield code="a">   72186869 </subfield>
  </datafield>
  <datafield tag="040" ind1=" " ind2=" ">
    <subfield code="a">DLC</subfield>
    <subfield code="c">DLC</subfield>
    <subfield code="d">DLC</subfield>
  </datafield>
  <datafield tag="043" ind1=" " ind2=" ">
    <subfield code="a">a-pk---</subfield>
  </datafield>
  <datafield tag="050" ind1="0" ind2="0">
    <subfield code="a">DS485.N7</subfield>
    <subfield code="b">E92 1930</subfield>
  </datafield>
  <datafield tag="082" ind1=" " ind2=" ">
    <subfield code="a">954.912</subfield>
    <subfield code="b">EWA</subfield>
  </datafield>
  <datafield tag="100" ind1="1" ind2=" ">
    <subfield code="a">Ewart, J. M.</subfield>
    <subfield code="9">5407</subfield>
  </datafield>
  <datafield tag="245" ind1="1" ind2="0">
    <subfield code="a">Story of the North West Frontier Province</subfield>
    <subfield code="c">[by J. M. Ewart; rev. by E. B. Howell]</subfield>
  </datafield>
  <datafield tag="260" ind1=" " ind2=" ">
    <subfield code="a">Peshawar,</subfield>
    <subfield code="b">Govt. Print. and Stationery Off.,</subfield>
    <subfield code="c">1930.</subfield>
  </datafield>
  <datafield tag="300" ind1=" " ind2=" ">
    <subfield code="a">ii, 90 p.</subfield>
    <subfield code="b">illus.</subfield>
    <subfield code="c">20 cm.</subfield>
  </datafield>
  <datafield tag="651" ind1=" " ind2="0">
    <subfield code="a">Khyber Pakhtunkhwa (Pakistan)</subfield>
    <subfield code="x">History.</subfield>
    <subfield code="9">3865</subfield>
  </datafield>
  <datafield tag="700" ind1="1" ind2=" ">
    <subfield code="a">Howell, Evelyn Berkeley,</subfield>
    <subfield code="c">Sir,</subfield>
    <subfield code="d">1877-</subfield>
    <subfield code="9">5408</subfield>
  </datafield>
  <datafield tag="906" ind1=" " ind2=" ">
    <subfield code="a">7</subfield>
    <subfield code="b">cbc</subfield>
    <subfield code="c">orignew</subfield>
    <subfield code="d">4</subfield>
    <subfield code="e">ncip</subfield>
    <subfield code="f">19</subfield>
    <subfield code="g">y-gencatlg</subfield>
  </datafield>
  <datafield tag="942" ind1=" " ind2=" ">
    <subfield code="2">ddc</subfield>
    <subfield code="c">BK</subfield>
  </datafield>
  <datafield tag="952" ind1=" " ind2=" ">
    <subfield code="0">0</subfield>
    <subfield code="1">0</subfield>
    <subfield code="2">ddc</subfield>
    <subfield code="4">0</subfield>
    <subfield code="7">0</subfield>
    <subfield code="8">NFIC</subfield>
    <subfield code="a">CL</subfield>
    <subfield code="b">CL</subfield>
    <subfield code="c">CART</subfield>
    <subfield code="d">2017-10-12</subfield>
    <subfield code="l">0</subfield>
    <subfield code="o">954.912 EWA</subfield>
    <subfield code="p">CL2186</subfield>
    <subfield code="r">2017-10-12</subfield>
    <subfield code="t">1</subfield>
    <subfield code="w">2017-10-12</subfield>
    <subfield code="y">BK</subfield>
  </datafield>
</record>
